000 00623nam a2200193 i 4500
001 bg
100 1 _aGračev, jurij P.
245 0 _aModelirovanie i optimizacija teplo- i massoobmennych processov piscevych proizvodstv /
_cJu. P. Gracev, A. K. Tubol'cev, V. K. Tubol'cev.
260 _aMoskva :
_b"Legkaja i Piscevaja Promyslennost",
_c1984.
300 _a214 s. :
_brys., wykr. ;
_c22 cm.
504 _aBibliogr. s. 208-213.
700 1 _aTubo~7lcev, Anatolij K.
700 1 _aTubo~7lcev, Viktor K.
040 _cBPK
041 _apol
080 _a664
942 _cKS
008 s pl f |000 0 pol
999 _c28560
_d28560